Geographic information systems for geoscientists: modelling with GIS

Bibliographic Details
Main Author: BONHAM-Carter
Format: Book
Published: United Kingdom : Pergamon , 1994
Series:Computer methods in the geosciences
Subjects:

MARC

LEADER 00000cam a2200000 7i4500
001 0000000238
005 20000724.0
020 0 0 |a 008042420 
090 0 0 |a 910.285   |b BON 1994 
100 1 0 |a BONHAM-Carter   |h Graeme F. 
245 1 0 |a Geographic information systems for geoscientists: modelling with GIS   |c Graeme F. Bonham-Carter 
260 0 0 |a United Kingdom :   |b Pergamon ,   |c 1994 
300 |a xviii, 398 p. :   |b maps (some col.) ;   |c 25 cm. 
440 0 0 |a Computer methods in the geosciences 
500 0 0 |a Bibliography: [p.383-386]and index 
650 0 0 |a Geographic information systems 
999 |a 0000001422   |b Monograph   |c Open Shelf   |e Default branch